Zbierka riešených príkladov z ASD pre FR

Na minha lista:
Detalhes bibliográficos
Autor principal: Kristová, Gabriela
Autor Corporativo: Vysoká škola ekonomická v Bratislave. Fakulta riadenia
Outros Autores: Mlynarčíková, Anna
Formato: Livro
Idioma:eslovaco
Publicado em: Bratislava Vysoká škola ekonomická 1984
Tags: Adicionar Tag
Sem tags, seja o primeiro a adicionar uma tag!

MARC

LEADER 00000nam a2200000 4500
001 c115009
005 20220520093047.9
041 0 |a slo 
044 |a SK 
245 1 0 |a Zbierka riešených príkladov z ASD pre FR  |c Gabriela Kristová, Anna Mlynarčíková 
264 1 |a Bratislava  |b Vysoká škola ekonomická  |c 1984 
300 |a 197 s. 
100 1 |a Kristová, Gabriela 
700 1 |a Mlynarčíková, Anna 
710 2 |a Vysoká škola ekonomická v Bratislave. Fakulta riadenia